01533nam a2200421 i 450000100060000000300090000600500170001500800390003201500180007102000150008904000280010404600090013208000100014108000120015124501550016325000380031826000430035630000410039933600270044033700540046733800280052138000160054938000270056538500390059238800140063138800140064550400370065965000160069665000180071265500300073065800300076070000570079070000390084770000510088671000340093785600980097185600420106934317KOSZ 00520200103121604.0980713s1997 pl a f f |001 0 pol aPB 1997/17682 a8301121483 aWA NcWA NdKOSZ 005/HR k1996 a005.1 a(075.8)00aZarządzanie :bteoria i praktyka /cred. nauk. Andrzej K[rzysztof] Koźmiński, Włodzimierz Piotrowski ; aut. Krystyna Bolesta-Kukułka [et al.]. aWyd. 3 popr. i rozsz., [dodr. 2]. aWarszawa :bWydaw. Naukowe PWN,c1997. a721, [1] s. :brys., wykr. ;c25 cm. 2rdacontentaTekstbtxt 2rdamediaaBez urządzenia pośredniczącegobn 2rdacarrieraWoluminbnc aKsiążki aPublikacje dydaktyczne mPoziom nauczaniaaSzkoły wyższe a1901-2000 a1989-2000 aBibliogr. przy rozdz. - Indeksy. 4aOrganizacja 4aZarządzanie 4aPodręczniki akademickie aZarządzanie i marketing1 aKoźmiński, Andrzej Krzysztofd(1941- )eRedakcja1 aPiotrowski, WłodzimierzeRedakcja1 aBolesta-Kukułka, Krystynad(1941-2004)eAutor2 aWydawnictwo Naukowe PWN4pbl. uhttp://koha.tu.koszalin.pl/cgi-bin/koha/opac-detail.pl?biblionumber=34317yKatalog online BPK uhttp://libra.ibuk.pl/book/39943yIBUK